000 00580nam a2200229Ia 4500
003 OSt
005 20220924151919.0
006 a|||||r|||| 00| 0
007 ta
008 220923b |||||||| |||| 00| 0 mar d
024 _a339824
037 _cTextual
040 _aARTS
_cARTS
_bmar
041 _2mar
_amar
082 _aO155:g, N4
100 _aPawar G.M Au.
_9225260
245 0 _aSahityamoolya Ani Abhiruchi
260 _c1994
650 _aMARATHI LITERATURE
_938000
942 _hO155:g, N4
_cTEXL
_2CC
999 _c468044
_d468044